| 000 | 00335nam a2200133Ia 4500 | ||
|---|---|---|---|
| 100 | _aGilberg/Richard F/ Forouzan/ Behrouz/ A | ||
| 942 | _cBK | ||
| 654 | _aData structures | ||
| 245 | _aData Structures :A pseudocode approach with C | ||
| 260 |
_bThomsan Learning _c2002 |
||
| 082 |
_a5.72 _bGIL |
||
| 300 | _a671 | ||
| 546 | _aENGLISH | ||
| 999 |
_c24555 _d24555 |
||